00427nam a22001337a 450000500170000000800410001704100230005808200120008110000230009324500680011626000580018430000260024265000250026820240822085713.0240822b |||||||| |||| 00| 0 eng d aEnglish/Afrikaans  a349 UNI lEnglish/Afrikaans  aThe Union Statutes: Classified and Annotated Reprint 1910-1947  aDurban:bButterworth and Company (Africa) Ltd, c1965 b1014 pages; c25 cm.  aLegal practice bLaw